000 00979nam a22002657a 4500
001 3840
003 FISKH
005 20240516104133.0
008 240516b cb ||||| |||| 00| 0 eng d
020 _a9788120730274
040 _aFISKH
_beng
_cFISKH
_dFISKH
050 _aPZ7
082 _a808.068
100 _aBernthal, Mark S.
245 _aBarney lets go to the police station /
_cWritten by Mark S. Bernthal ; Photography by Dennis Full
260 _aNew Delhi :
_bSterling Publishers,
_c2006.
300 _a24 unnumbered pages :
_bcolor illustrations ;
_c22 cm
505 _aH
520 _aChildren will simply adore Barney, the purple dinosaur and his friends BJ and Baby Bop. The trio will soon become children`s best friends as they embark on fun-filled tours and adventures!
521 8 _a500
_bLexile estimate
521 8 _aH
_bRaz-Plus
650 _aBarney
_xPolice Stations
700 _aFull, Dennis
_ePhotographer
942 _2ddc
_cBK
_n0
999 _c3840
_d3840